[Event "Navarra-chTA"]
[Site "Pamplona"]
[Date "2015.11.14"]
[Round "6.3"]
[White "Leranoz Zabalza, Adrian"]
[Black "Vinal Gutierrez, Pedro"]
[Result "1-0"]
[WhiteElo "2064"]
[BlackElo "2071"]
[PlyCount "77"]
[EventDate "2015.10.10"]
[EventType "team-tourn"]
[EventRounds "7"]
[EventCountry "ESP"]
[SourceTitle "CBM 169 Extra"]
[Source "ChessBase"]
[SourceDate "2015.12.18"]
[SourceVersion "1"]
[SourceVersionDate "2015.12.18"]
[SourceQuality "1"]
[WhiteTeam "Paz de Ziganda"]
[BlackTeam "Oberena"]
[WhiteTeamCountry "ESP"]
[BlackTeamCountry "ESP"]

1. e4 e6 2. d3 d5 3. Qe2 dxe4 4. dxe4 Nc6 5. c3 e5 6. Nf3 Nf6 7. Nbd2 Be7 8. Nc4 0-0 9. Bg5 Nd7 10. Bxe7 Qxe7 11. Ne3 Ncb8 12. Rd1 Nb6 13. Qc2 c6 14. Be2 f6 15. 0-0 g6 16. a4 Be6 17. a5 Nc8 18. Qa4 Nd7 19. b4 Nd6 20. Qc2 Rfd8 21. c4 a6 22. Rd2 f5 23. exf5 gxf5 24. Ng5 Qxg5 25. Rxd6 Nf8 26. Rfd1 f4 27. Rxd8 Rxd8 28. Rxd8 Qxd8 29. Nf5 Qd7 30. Bd3 Ng6 31. h3 Nf8 32. Be4 Qd8 33. Qd3 Qd7 34. Nd6 Kg7 35. c5 Ng6 36. Qc3 Kf6 37. Qf3 Qe7 38. Qh5 Bf7 39. Qxh7 1-0

[Event "Navarra-chTA"]
[Site "Pamplona"]
[Date "2015.10.31"]
[Round "4.3"]
[White "Vinal Gutierrez, Pedro"]
[Black "Sola Plaza, Gregorio"]
[Result "0-1"]
[WhiteElo "2071"]
[BlackElo "1937"]
[PlyCount "80"]
[EventDate "2015.10.10"]
[EventType "team-tourn"]
[EventRounds "7"]
[EventCountry "ESP"]
[SourceTitle "CBM 169 Extra"]
[Source "ChessBase"]
[SourceDate "2015.12.18"]
[SourceVersion "1"]
[SourceVersionDate "2015.12.18"]
[SourceQuality "1"]
[WhiteTeam "Oberena"]
[BlackTeam "Runa"]
[WhiteTeamCountry "ESP"]
[BlackTeamCountry "ESP"]

1. d4 e6 2. c4 d5 3. Nc3 c6 4. e4 dxe4 5. Nxe4 Bb4+ 6. Bd2 Bxd2+ 7. Qxd2 Nf6 8. Nxf6+ Qxf6 9. Nf3 0-0 10. Bd3 Nd7 11. 0-0 e5 12. dxe5 Nxe5 13. Nxe5 Qxe5 14. Rfe1 Qf6 15. Qb4 Be6 16. Qxb7 Rab8 17. Qxa7 Rxb2 18. Qc5 Rd8 19. Be4 Qc3 20. Rac1 Qd2 21. a4 g6 22. Bf3 Rd4 23. Rf1 Qf4 24. Rcd1 Rbd2 25. Rxd2 Qxd2 26. Rb1 Bxc4 27. Rb8+ Kg7 28. Qf8+ Kf6 29. h3 h5 30. Qh8+ Kf5 31. Qc8+ Be6 32. Qxc6 Qe1+ 33. Kh2 Qe5+ 34. Kg1 Qxb8 35. g4+ Kf6 36. g5+ Kg7 37. a5 Qf4 38. a6 Qxg5+ 39. Kh2 Qe5+ 40. Kg1 Bd5 0-1

[Event "Pamplona Navarro-ch"]
[Site "Pamplona"]
[Date "2015.05.09"]
[Round "5"]
[White "Lerendegui Lasa, Odei"]
[Black "Vinal Gutierrez, Pedro"]
[Result "0-1"]
[WhiteElo "1805"]
[BlackElo "2100"]
[PlyCount "110"]
[EventDate "2015.04.11"]
[EventType "swiss"]
[EventRounds "8"]
[EventCountry "ESP"]
[SourceTitle "EXT 2016"]
[Source "ChessBase"]
[SourceDate "2015.10.08"]
[SourceVersion "1"]
[SourceVersionDate "2015.10.08"]
[SourceQuality "1"]

1. e4 d6 2. d4 Nf6 3. Nc3 e5 4. dxe5 dxe5 5. Qxd8+ Kxd8 6. Bc4 Be6 7. Bxe6 fxe6 8. Bg5 Bd6 9. Nb5 Ke7 10. Nxd6 cxd6 11. Ne2 h6 12. Bxf6+ gxf6 13. 0-0-0 Nc6 14. g4 h5 15. h3 h4 16. Rd2 b5 17. Nc3 b4 18. Nb5 Rhd8 19. Rhd1 a6 20. Nxd6 Nd4 21. Nb7 Rdc8 22. Na5 Rc7 23. Nb3 Nf3 24. Rd3 Ng5 25. Re3 Rac8 26. Na1 a5 27. Kb1 Rc4 28. f3 Rd4 29. Rh1 Rcd8 30. a3 Rd1+ 31. Rxd1 Rxd1+ 32. Ka2 Nxh3 33. Re2 Nf4 34. Rh2 h3 35. Nb3 bxa3 36. Kxa3 Rg1 37. Nd2 Rg2 38. Nf1 f5 39. gxf5 exf5 40. exf5 Kf6 41. Ka4 Rg1 42. Rf2 Kxf5 43. Ne3+ Ke6 44. Kxa5 Rg2 45. Nxg2 hxg2 46. Rxg2 Nxg2 47. b4 Ne1 48. c3 Nxf3 49. b5 e4 50. c4 e3 51. b6 e2 52. b7 Ne5 53. Kb6 e1Q 54. Kc7 Nd7 55. c5 Qe5+ 0-1

[Event "Pamplona Navarro-ch"]
[Site "Pamplona"]
[Date "2015.04.25"]
[Round "3"]
[White "Zaratiegui Cardesa, Jose"]
[Black "Vinal Gutierrez, Pedro"]
[Result "0-1"]
[WhiteElo "1781"]
[BlackElo "2100"]
[PlyCount "68"]
[EventDate "2015.04.11"]
[EventType "swiss"]
[EventRounds "8"]
[EventCountry "ESP"]
[SourceTitle "EXT 2016"]
[Source "ChessBase"]
[SourceDate "2015.10.08"]
[SourceVersion "1"]
[SourceVersionDate "2015.10.08"]
[SourceQuality "1"]

1. d4 d5 2. c4 e6 3. Nc3 c6 4. Nf3 dxc4 5. a4 Bb4 6. e4 b5 7. Be2 Bb7 8. 0-0 a6 9. Bg5 Ne7 10. Rc1 Bxc3 11. bxc3 0-0 12. Qc2 f6 13. Bf4 Ng6 14. Bg3 Qe7 15. h4 Re8 16. h5 Nf8 17. e5 f5 18. Bh4 Qc7 19. Qd2 Nbd7 20. Qg5 Nb6 21. h6 Nxa4 22. Qg3 g6 23. Bf6 c5 24. Nh4 cxd4 25. Bh5 Qf7 26. cxd4 Nb2 27. Bg7 gxh5 28. Nf3 Qg6 29. Ng5 Nd3 30. Rc3 f4 31. Qh4 Rad8 32. Rxd3 cxd3 33. Bxf8 Rxf8 34. Rc1 d2 0-1

[Event "Pamplona Navarro-ch"]
[Site "Pamplona"]
[Date "2015.04.11"]
[Round "1"]
[White "Juanco Elizari, Felix Javier"]
[Black "Vinal Gutierrez, Pedro"]
[Result "0-1"]
[WhiteElo "1775"]
[BlackElo "2100"]
[PlyCount "126"]
[EventDate "2015.04.11"]
[EventType "swiss"]
[EventRounds "8"]
[EventCountry "ESP"]
[SourceTitle "EXT 2016"]
[Source "ChessBase"]
[SourceDate "2015.10.08"]
[SourceVersion "1"]
[SourceVersionDate "2015.10.08"]
[SourceQuality "1"]

1. e4 e6 2. d3 d5 3. Nd2 Nf6 4. g3 dxe4 5. dxe4 e5 6. Ngf3 Nc6 7. Bg2 Bc5 8. 0-0 0-0 9. Qe2 Qe7 10. h3 a5 11. c3 b6 12. Nb3 Ba6 13. c4 Bd6 14. Bg5 h6 15. Bxf6 Qxf6 16. Rfd1 a4 17. Nbd2 Na5 18. Rac1 Qe6 19. Bf1 Bc5 20. Kh2 Rad8 21. h4 Nc6 22. Bh3 Qe7 23. Nf1 Rxd1 24. Rxd1 Rd8 25. Rd5 Nd4 26. Nxd4 exd4 27. Rxd8+ Qxd8 28. Qd3 Be7 29. f4 c5 30. Nd2 Qc7 31. b3 axb3 32. axb3 Bb7 33. Bg2 Bc8 34. e5 g6 35. Nf3 Bf5 36. Qd2 Bg4 37. Qd3 Qd7 38. Nd2 Qa7 39. Be4 Qd7 40. Nf3 Kg7 41. Nd2 Be6 42. Kg2 Qc8 43. Kh2 Qd8 44. f5 gxf5 45. Bxf5 Qd7 46. Be4 Qc7 47. Nf3 Bg4 48. Qe2 Qxe5 49. Nxe5 Bxe2 50. Nd3 Bd6 51. Kg2 Kf6 52. Kf2 Bd1 53. Nc1 Bg4 54. Kg2 Ke5 55. Bd3 f5 56. Kf2 f4 57. Ne2 fxg3+ 58. Nxg3 Bd1 59. Nf5 Bf8 60. Kg3 Bxb3 61. Kf3 Bd1+ 62. Kg3 Bh5 63. Kf2 Bg6 0-1